La desaceleración de la economía mexicana /

Guardat en:
Dades bibliogràfiques
Autor principal: Zepeda Martínez, Mario
Format: Text
Matèries:
Etiquetes: Afegir etiqueta
Sense etiquetes, Sigues el primer a etiquetar aquest registre!

MARC

LEADER 00000 a a2200000 04500
001 45754
003
040
100 |a Zepeda Martínez, Mario  
245 |a La desaceleración de la economía mexicana /  |c Mario Zepeda Martínez  
650 |a ECONOMIA  
650 |a MEXICO  
773 |g número62 (1992), páginas 14-18  
999 |c 24319  |d 24319